| 000 | 00630nam a2200193Ia 4500 | ||
|---|---|---|---|
| 005 | 20260429112002.0 | ||
| 008 | 260429s9999||||xx |||||||||||||| ||und|| | ||
| 020 | _a9798886130751 | ||
| 041 | _aEnglish | ||
| 082 |
_a658.7 _bJAI |
||
| 100 | _aJain, Prateek | ||
| 245 | 0 |
_aSupply chain 5.0 : _bthe next generation of business success through customer centricity, sustainability and human rights and digitalization / _cPrateek Jain |
|
| 260 |
_aSingapore : _bWorld Scientific Publishing, _c2024. |
||
| 300 | _axvii, 264 p.; pbk | ||
| 650 | _a Supply chain | ||
| 650 | _aManagement | ||
| 700 | _a Chou, Mabel C. | ||
| 942 | _cTB | ||
| 999 |
_c51753 _d51753 |
||